000 05573cam a22018134i 4500
003 PE-LiUPU
005 20250813165859.0
008 150706s2011 mx a r 000 0 spa d
020 _a6071707978
020 _a9786071707970
035 _a(Sirsi) i9786071707970
040 _aPE-LiUPU
_bspa
_cPE-LiUPU
_dPE-LiUPU
_erda
049 _aPRUA
082 0 4 _a658.05
_bH43
_221
100 1 _aHernández Jiménez, Ricardo,
_eautor.
245 1 0 _aAdministración de la función informática :
_bfactor AFI nuevas opciones de desempeño informático /
_cRicardo Hermández Jiménez.
250 _a8a edición.
264 1 _aMéxico :
_bTrillas,
_c2011.
300 _a424 páginas :
_bilustraciones ;
_c23 centímetros
336 _atext
_2rdacontent
337 _aunmediated
_2rdamedia
338 _avolume
_2rdacarrier
505 0 _aEl factor AFI: nuevas opciones de desempeño informático -- El despilfarro informático: una realidad ignorada -- Y la administración de la función informática como nueva profesión. ¿hasta cuándo? -- La administración de la función informática: una actividad urgente -- La función informática y su relación con el ciclo de crecimiento competitivo de una empresa -- La importancia de evaluar los compromisos de trabajo -- Estandarizar la comunicación entre directivos y técnicos -- Importancia de la participación de los usuarios -- Acercamiento entre técnicos y usuarios -- Beneficios de la asignación equilibrada de las órdenes de trabajo -- Formación y contratación de personal técnico -- La capacitación para el área de informática -- La productividad en la informática -- Los métodos de trabajo y sus beneficios -- Metodología de trabajo para el área de programación -- Metodología de trabajo para el área de sistemas -- Control de cambios en los sistemas -- Administración de archivos -- Evaluación y adquisición de software -- El enigma de las bases de datos -- Ambiente de las microcomputadoras: un ambiente que nación contaminado -- Metodología de trabajo para el área de ingeniería de sistemas -- Consultoría externa: ¿mito o verdad? -- Auditoria en informática: una nueva forma de entenderla y atenderla -- Organización del área de informática: funciones y responsabilidades por puesto -- En busca de la excelencia en la función informática.
526 _aP203
526 _aP200
526 _aSEG65
526 _aSEG64
526 _aSEG63
526 _aSEG62
526 _aSEG61
526 _aSEG60
526 _aSEG59
526 _aSEG58
526 _aSEG57
526 _aSEG56
526 _aSEG55
526 _aSEG54
526 _aSEG53
526 _aSEG52
526 _aSEG51
526 _aSEG50
526 _aSEG49
526 _aSEG48
526 _aSEG47
526 _aSEG46
526 _aSEG24
526 _aSEG23
526 _aSEG22
526 _aSEG21
526 _aSEG20
526 _aSEG19
526 _aSEG18
526 _aSEG17
526 _aSEG16
526 _aSEG14
526 _aSEG13
526 _aSEG12
526 _aSEG11
526 _aSEG10
526 _aSEG09
526 _aSEG06
526 _aSEG05
526 _aSEG04
526 _aSEG03
526 _aSEG02
526 _aSEG68
526 _aSEG66
526 _aSEG45
526 _aSEG25
526 _aSEG01
526 _aP163
526 _aP162
526 _aP161
526 _aP160
526 _aP159
526 _aP158
526 _aP157
526 _aP156
526 _aP155
526 _aP154
526 _aP153
526 _aP152
526 _aP151
526 _aP150
526 _aP149
526 _aP142
526 _aP141
526 _aP140
526 _aP139
526 _aP138
526 _aP137
526 _aP132
526 _aP131
526 _aP130
526 _aP126
526 _aP125
526 _aP124
526 _aP123
526 _aP115
526 _aP122
526 _aP121
526 _aP116
526 _a P114
526 _aP112
526 _aP111
526 _aP104
526 _aP103
526 _aP102
526 _aP101
526 _aP100
526 _aP96
526 _aP95
526 _aP93
526 _aP92
526 _aP91
526 _aP88
526 _aP83
526 _aP82
526 _aP79
526 _aP78
526 _aP75
526 _aP74
526 _aP71
526 _aP69
526 _a P51
526 _aP49
526 _aP48
526 _aP47
526 _aP33
526 _aP31
526 _a P30
526 _aP29
526 _aP27
526 _aP26
526 _aP25
526 _aP24
526 _a P22
526 _aP10
526 _aP09
526 _a P08
526 _aP06
526 _aP05
526 _aP04
526 _aP01
541 _g015-0014334;
650 1 4 _aProcesamiento electrónico de datos
_xAdministración.
650 2 4 _aSistemas de información en administración.
910 _agl20121016
942 _2ddc
_cBOOK
949 _a658.05 H43
_wDEWEY
_c1
_i65613
_lCCODEBUL1
_mBUL
_p31.00
_r0
_sY
_tBOOK
_u2015-7-6
_xINGENIERIA
_PP27
_o.STAFF. Colección Ciencias Empresariales
994 _aC0
_bPEPRU
596 _a1
999 _a658.05 H43
_wDEWEY
_c54071
_i65613
_f2021-11-8
_g7
_lCCODEBUL1
_mBUL
_p31.00
_r0
_sY
_tBOOK
_u2015-7-6
_xFCE
_zP27
_0COMPRA
_o.STAFF. Colección Ciencias Empresariales
_d54071
980 _81
_gALBERTO SANCHEZ Responsable de Automatización